Los extraños poderes de un camafeo y otros cuentos / (Registro nro. 30565)
[ vista simple ]
| 000 -LÍDER | |
|---|---|
| campo de control de longitud fija | 00797nam a22002177a 4500 |
| 005 - FECHA Y HORA DE LA ÚLTIMA | |
| campo de control | 20240214194613.0 |
| 008 - ELEMENTOS DE DATOS DE LONGITUD FIJA - INFORMACIÓN GENERAL | |
| campo de control de longitud fija | 240214b |||||||| |||| 00| 0 eng d |
| 020 ## - NÚMERO INTERNACIONAL NORMALIZADO DEL LIBRO | |
| Número de libro estándar internacional | 978585808300 |
| 037 ## - FUENTE DE ADQUISICIÓN | |
| Materials specified | Donación |
| 040 ## - FUENTE DE CATALOGACIÓN | |
| Agencia de catalogación original | CO-JMCR |
| Agencia de transcripción | CO-JMCR |
| Agencia modificadora | CO-JMCR |
| Convenciones de descripción | rda |
| 041 ## - CÓDIGO DE IDIOMA | |
| Código de idioma del texto/pista de sonido o título independiente | spa |
| 082 ## - NÚMERO DE CLASIFICACIÓN DECIMAL DEWEY | |
| Número de clasificación | A-N |
| Número de artículo | URil |
| 100 ## - ENTRADA PRINCIPAL - NOMBRE PERSONAL | |
| Nombre personal | Uribe Ricaurte, Pablo |
| Término relativo | autor |
| 9 (RLIN) | 43389 |
| 245 ## - DECLARACIÓN DEL TÍTULO | |
| Título | Los extraños poderes de un camafeo y otros cuentos / |
| Declaración de responsabilidad, etc. | Pablo Uribe Ricaurte |
| 250 ## - DECLARACIÓN DE EDICIÓN | |
| Declaración de edición | Segunda edición |
| 300 ## - DESCRIPCIÓN FÍSICA | |
| Medida | 120 páginas ; |
| Dimensiones | 21 cm. |
| 505 ## - NOTA DE CONTENIDO FORMATEADO | |
| Nota de contenido formateada | El faisán de los huevos de plata -- El corazón de otro -- El aprendiz hechicero -- La casa de las Huríes -- Los extraños poderes de un camafeo |
| 650 ## - ENTRADA AÑADIDA DE ASUNTO - TÉRMINO TEMÁTICO | |
| Fuente del encabezado o término | JMCR |
| -- | Cuentos |
| Subdivisión general | adultos |
| 9 (RLIN) | 43390 |
| 650 ## - ENTRADA AÑADIDA DE ASUNTO - TÉRMINO TEMÁTICO | |
| Fuente del encabezado o término | JMCR |
| -- | Cuentos |
| Subdivisión general | Latinoamericanos |
| 9 (RLIN) | 43391 |
| 942 ## - ELEMENTOS DE ENTRADA AÑADIDOS (KOHA) | |
| Source of classification or shelving scheme | Dewey Decimal Classification |
| Tipo de artículo Koha | Books |
| 999 ## - | |
| -- | 30565 |
| -- | 16949 |
No hay ítems disponibles.